Loading...
| History - World | 0 | 5 | 0 | 2 | 50 | 125 | 134.40 | 0 | 1 | 2.02 | 16.32 |
| Science - Chemistry | 1 | 2 | 0 | 1 | 35 | 66 | 103.67 | 0 | 1 | 5.46 | 12.29 |
| Religion | 0 | 3 | 0 | 0 | 30 | 109 | 120.67 | 0 | 0 | 3.97 | 11.45 |
| Other Culture | 1 | 1 | 0 | 0 | 25 | 47 | 83.00 | 0 | 1 | 23.51 | 31.57 |
| History - European | 0 | 2 | 0 | 1 | 20 | 147 | 150.50 | 0 | 0 | -0.21 | 2.09 |
| History - Other | 1 | 1 | 1 | 0 | 20 | 59 | 99.50 | 0 | 1 | 4.06 | 8.08 |
| Modern World | 1 | 0 | 0 | 0 | 15 | 73 | 73.00 | 0 | 0 | 7.65 | 12.22 |
| Geography | 0 | 2 | 1 | 2 | 15 | 144 | 150.50 | 0 | 0 | 0.02 | 11.45 |
| History - American | 0 | 2 | 1 | 1 | 15 | 81 | 111.00 | 0 | 1 | 3.23 | 7.88 |
| Literature - European | 0 | 1 | 0 | 0 | 10 | 138 | 138.00 | 0 | 0 | 1.06 | 4.10 |
| Fine Arts - Painting and Sculpture | 0 | 1 | 0 | 0 | 10 | 114 | 114.00 | 0 | 0 | 1.85 | 4.49 |
| Literature - American | 0 | 1 | 0 | 0 | 10 | 153 | 153.00 | 0 | 0 | 0.93 | 3.59 |
| Literature - World | 0 | 1 | 0 | 1 | 10 | 163 | 163.00 | 0 | 0 | 0.05 | 1.03 |
| Mythology | 0 | 1 | 0 | 1 | 10 | 162 | 162.00 | 0 | 0 | 0.09 | 1.10 |
| Other Science (Astronomy) | 0 | 1 | 0 | 0 | 10 | 124 | 124.00 | 0 | 0 | 9.21 | 20.00 |
| Other Science (Earth Science) | 0 | 1 | 0 | 0 | 10 | 98 | 98.00 | 0 | 0 | 14.75 | 36.67 |
| Science - Biology | 0 | 1 | 0 | 1 | 10 | 136 | 136.00 | 0 | 0 | 0.00 | 2.37 |
| Fine Arts - Other Arts | 0 | 1 | 1 | 0 | 5 | 105 | 105.00 | 0 | 1 | 2.08 | 6.67 |
| Literature - British | 0 | 0 | 1 | 0 | -5 | 0.00 | 0 | 0 | 0.00 | 0.00 |